| 000 | 00662nam a22002297a 4500 | ||
|---|---|---|---|
| 003 | UA-OsUOA | ||
| 001 | 24919 | ||
| 007 | ta | ||
| 008 | 20040304b un ||||| |||| 00| 0 ukr d | ||
| 090 |
_a343.3/7 _bУ24 |
||
| 942 | _cBK | ||
| 040 |
_aUA-OsUOA _brus _cUA-OsUOA _dUA-OsUOA |
||
| 245 |
_aУголовное право Украинской ССР на современном этапе _bЧасть особенная _cРед. А.Я.Светлов В.В.Сташис |
||
| 300 | _a456 с. | ||
| 955 | _a0 | ||
| 041 | _arus | ||
| 080 | _a343.3/7 | ||
| 260 |
_aКиев _bНаукова думка _c1985 |
||
| 044 | _aRU | ||
| 650 | 7 | _2UDC | |
| 999 |
_c311205 _d311205 |
||